National parks of Japan

Bibliographic Details
Main Author: SUTHERLAND 1947-
Other Authors: Britton
Format: Book
Published: Tokyo : Kodansha International ; New York : Kodansha International , 1980
Subjects:

MARC

LEADER 00000cam a2200000 7i4500
001 0000000984
005 20131205.0
020 0 0 |a 0870112503 
090 0 0 |a R333.7830952   |b SUT 1980 
100 1 0 |a SUTHERLAND   |h Mary   |c 1947- 
245 1 0 |a National parks of Japan   |c Mary Sutherland and Dorothy Britton 
260 0 0 |a Tokyo :   |b Kodansha International ; New York :   |b Kodansha International ,   |c 1980 
300 |a 148 p. :   |b ill. (some col.), maps ;   |c 31 cm. 
500 0 0 |a Bibliography: [p. 147] and index 
650 0 0 |a National parks and reserves   |z Japan 
700 0 1 |a Britton   |h D. Guyver (Dorothy Guyver), 1922- 
998 |a JPSM 
999 |a 0000002821   |b Monograph   |c Reference   |e Default branch